[Event "ECU-chT U20"]
[Site "Carpuela"]
[Date "2014.05.06"]
[Round "7.1"]
[White "Guerrero Zambrano, Joel"]
[Black "Tobar Ledesma, Luis"]
[Result "1-0"]
[WhiteElo "2181"]
[BlackElo "1878"]
[PlyCount "79"]
[EventDate "2014.05.03"]
[EventType "team-swiss"]
[EventRounds "7"]
[EventCountry "ECU"]
[SourceTitle "CBM 160 Extra"]
[Source "ChessBase"]
[SourceDate "2014.07.01"]
[SourceVersion "1"]
[SourceVersionDate "2014.07.01"]
[SourceQuality "1"]
[WhiteTeam "Los Brios"]
[BlackTeam "Napo"]
[WhiteTeamCountry "ECU"]
[BlackTeamCountry "ECU"]

1. e4 g6 2. d4 d6 3. Nc3 Bg7 4. Nf3 c6 5. Be3 Nf6 6. Bd3 Nbd7 7. Qd2 Ng4 8. Bg5 h6 9. Bh4 Qc7 10. h3 Ngf6 11. 0-0-0 e5 12. Kb1 a6 13. dxe5 dxe5 14. Rhe1 b5 15. g4 Nc5 16. Bg3 Nfd7 17. Bf1 b4 18. Ne2 a5 19. Nc1 0-0 20. Qd6 Qxd6 21. Rxd6 Re8 22. Bc4 Bf8 23. Rxg6+ Kh7 24. Rxc6 Bb7 25. Rc7 Bd6 26. Rxd7 Nxd7 27. Rd1 Nb6 28. Bxf7 Red8 29. Bh4 Be7 30. Rxd8 Bxd8 31. Bxd8 Rxd8 32. Nxe5 Bxe4 33. f3 Bd5 34. Bg6+ Kg7 35. f4 Nc4 36. Nxc4 Bxc4 37. Bd3 Bxd3 38. Nxd3 Re8 39. a3 bxa3 40. bxa3 1-0

[Event "ECU-chT U20"]
[Site "Carpuela"]
[Date "2014.05.03"]
[Round "1.1"]
[White "Guerrero Zambrano, Joel"]
[Black "Tene Pauta, Ismael Rodrigo"]
[Result "1-0"]
[WhiteElo "2181"]
[BlackElo "1709"]
[PlyCount "61"]
[EventDate "2014.05.03"]
[EventType "team-swiss"]
[EventRounds "7"]
[EventCountry "ECU"]
[SourceTitle "CBM 160 Extra"]
[Source "ChessBase"]
[SourceDate "2014.07.01"]
[SourceVersion "1"]
[SourceVersionDate "2014.07.01"]
[SourceQuality "1"]
[WhiteTeam "Los Brios"]
[BlackTeam "Zamora Chimchipe"]
[WhiteTeamCountry "ECU"]
[BlackTeamCountry "ECU"]

1. e4 c5 2. d3 d6 3. g3 Nf6 4. Bg2 Nc6 5. Ne2 Bd7 6. c3 g6 7. 0-0 Bg7 8. f4 0-0 9. h3 Qc7 10. Na3 a6 11. g4 Rad8 12. Qe1 e6 13. Nc2 Ne8 14. f5 exf5 15. exf5 Qc8 16. Ne3 Ne5 17. Nd5 Kh8 18. f6 Nxf6 19. Nxf6 Bxf6 20. Rxf6 Nxd3 21. Qh4 Nxc1 22. Rxc1 Rde8 23. Nf4 Qd8 24. Rf1 Bb5 25. Rd1 Re5 26. Rdxd6 Qe7 27. Qh6 Re1+ 28. Kh2 Re8 29. Rxg6 Qe5 30. Rdf6 fxg6 31. Rf7 1-0

[Event "Wch U18"]
[Site "Caldas Novas"]
[Date "2011.11.24"]
[Round "7"]
[White "Guerrero Zambrano, Joel"]
[Black "Graf, Felix"]
[Result "1/2-1/2"]
[WhiteElo "2130"]
[BlackElo "2356"]
[PlyCount "86"]
[EventDate "2011.11.18"]
[EventType "swiss"]
[EventRounds "9"]
[EventCountry "BRA"]
[SourceTitle "EXT 2013"]
[Source "ChessBase"]
[SourceDate "2012.11.22"]
[SourceVersion "1"]
[SourceVersionDate "2012.11.22"]
[SourceQuality "1"]

1. e4 e6 2. d3 d5 3. Nd2 Nf6 4. Ngf3 Be7 5. g3 b6 6. Bg2 Bb7 7. e5 Nfd7 8. 0-0 c5 9. Re1 Nc6 10. c3 Qc7 11. Qe2 g5 12. h3 0-0-0 13. Nf1 h6 14. a3 Rde8 15. b4 f6 16. d4 fxe5 17. Nxe5 Ncxe5 18. dxe5 Ref8 19. f4 gxf4 20. Bxf4 h5 21. Ne3 Kb8 22. Rad1 h4 23. Ng4 hxg3 24. Bxg3 Bg5 25. Rf1 cxb4 26. cxb4 Qc3 27. Rd3 Qc4 28. Qd1 Rxf1+ 29. Bxf1 Qa2 30. Qa4 b5 31. Qxb5 Nb6 32. Qc5 Nc8 33. Nf6 Ka8 34. Qc7 d4 35. Bf2 Bxf6 36. exf6 Qd5 37. Bg3 Nb6 38. Qg7 Rc8 39. f7 Qh1+ 40. Kf2 Rc2+ 41. Ke1 Rc1+ 42. Kd2 Rd1+ 43. Kc2 Rc1+ 1/2-1/2

[Event "Pan American-ch U18"]
[Site "Cali"]
[Date "2011.07.07"]
[Round "7"]
[White "Guerrero Zambrano, Joel"]
[Black "Abarca Gonzalez, Nicolas"]
[Result "1/2-1/2"]
[WhiteElo "2046"]
[BlackElo "2098"]
[PlyCount "82"]
[EventDate "2011.07.03"]
[EventType "swiss"]
[EventRounds "9"]
[EventCountry "COL"]
[SourceTitle "CBM 143 Extra"]
[Source "ChessBase"]
[SourceDate "2011.08.29"]
[SourceVersion "1"]
[SourceVersionDate "2011.08.29"]
[SourceQuality "1"]

1. e4 c5 2. d3 Nc6 3. g3 g6 4. Bg2 Bg7 5. Nc3 d6 6. Nge2 e6 7. Be3 Nge7 8. Qd2 Nd4 9. Nd1 Qc7 10. c3 Nxe2 11. Qxe2 0-0 12. 0-0 b6 13. d4 Bb7 14. f3 d5 15. e5 Nf5 16. Bf2 cxd4 17. cxd4 a5 18. Qd2 Ba6 19. Re1 Rfc8 20. g4 Ne7 21. Nc3 Qd7 22. Rac1 Rc6 23. b3 Rac8 24. Na4 Bb5 25. Nc3 Ba6 26. Na4 Bb5 27. Nc3 Ba6 28. Na4 Bf8 29. Be3 Bb5 30. Nb2 Rxc1 31. Rxc1 Nc6 32. Bf1 Bxf1 33. Kxf1 Ba3 34. Kg2 Bxb2 35. Qxb2 Nb4 36. a3 Nd3 37. Rxc8+ Qxc8 38. Qd2 Qc2 39. Qxc2 Ne1+ 40. Kf2 Nxc2 41. a4 Nb4 1/2-1/2

[Event "Pan American-ch U18"]
[Site "Cali"]
[Date "2011.07.04"]
[Round "3"]
[White "Guerrero Zambrano, Joel"]
[Black "Mamani, Joan Franco"]
[Result "0-1"]
[WhiteElo "2046"]
[BlackElo "2126"]
[PlyCount "100"]
[EventDate "2011.07.03"]
[EventType "swiss"]
[EventRounds "9"]
[EventCountry "COL"]
[SourceTitle "CBM 143 Extra"]
[Source "ChessBase"]
[SourceDate "2011.08.29"]
[SourceVersion "1"]
[SourceVersionDate "2011.08.29"]
[SourceQuality "1"]

1. e4 d6 2. d4 Nf6 3. Nc3 Nbd7 4. Nf3 e5 5. Bc4 Be7 6. dxe5 dxe5 7. Qe2 0-0 8. 0-0 c6 9. a4 b6 10. Rd1 Qc7 11. Bg5 a6 12. Rd2 Nc5 13. Bh4 Bg4 14. Bg3 Nfd7 15. h3 Bh5 16. Rad1 Rfd8 17. Qe3 b5 18. axb5 axb5 19. Be2 Bg6 20. Bd3 Ne6 21. Bxb5 Bc5 22. Qe2 cxb5 23. Nxb5 Qc6 24. Nd6 Nd4 25. Nxd4 exd4 26. e5 Nf8 27. b3 Ne6 28. Qc4 Be4 29. Nxe4 Qxe4 30. b4 Bb6 31. Re2 Qb7 32. Rd3 Rac8 33. Qb3 Qd5 34. Qb2 Ra8 35. Rb3 Rdc8 36. Kh2 Rc4 37. Rd2 Qc6 38. Re2 Rc8 39. Qa2 Rxc2 40. Rxc2 Qxc2 41. Rb2 Qc4 42. Qa4 d3 43. Qd1 Rd8 44. f3 Bd4 45. Rb1 Bc3 46. b5 Ba5 47. b6 Rb8 48. f4 Rxb6 49. Ra1 Rb5 50. f5 Nf8 0-1

[Event "Pan American-ch U18"]
[Site "Cali"]
[Date "2011.07.04"]
[Round "2"]
[White "Guerrero Zambrano, Joel"]
[Black "Versosa Bravo, Johann"]
[Result "1-0"]
[WhiteElo "2046"]
[BlackElo "1965"]
[PlyCount "109"]
[EventDate "2011.07.03"]
[EventType "swiss"]
[EventRounds "9"]
[EventCountry "COL"]
[SourceTitle "CBM 143 Extra"]
[Source "ChessBase"]
[SourceDate "2011.08.29"]
[SourceVersion "1"]
[SourceVersionDate "2011.08.29"]
[SourceQuality "1"]

1. e4 c5 2. Nf3 d6 3. d4 cxd4 4. Nxd4 Nf6 5. Nc3 a6 6. Be2 e6 7. Be3 Nbd7 8. Nb3 b5 9. a3 Bb7 10. f3 d5 11. exd5 Nxd5 12. Nxd5 Bxd5 13. Nd2 Bc5 14. Bxc5 Nxc5 15. 0-0 Qf6 16. c3 0-0 17. Qc2 Rfd8 18. c4 bxc4 19. Nxc4 Rab8 20. b4 Nb7 21. Qb2 Bxc4 22. Qxf6 gxf6 23. Bxc4 a5 24. Rab1 axb4 25. axb4 Nd6 26. Bd3 Rb6 27. Rf2 Rdb8 28. Rfb2 f5 29. Kf2 e5 30. b5 f6 31. Rc2 R8b7 32. g3 Kf7 33. Rc5 Ra7 34. Rb2 Ra3 35. Be2 Ra7 36. Ke1 Ke6 37. Kd2 e4 38. Kc2 Ra3 39. f4 Ra5 40. Kc3 Kd7 41. Kb4 Ra1 42. Rd2 Ke6 43. Rc7 e3 44. Rb2 h6 45. Rb3 Ne4 46. Rxe3 Ra2 47. Bc4+ Kd6 48. Rf7 Rb2+ 49. Bb3 Rd2 50. Ka5 Rb8 51. b6 Kc5 52. Rc7+ Kd4 53. Rf3 Nc5 54. Kb5 Nb7 55. Rfc3 1-0

[Event "Pan American-ch U20"]
[Site "Duran"]
[Date "2011.06.08"]
[Round "5"]
[White "Guerrero Zambrano, Joel"]
[Black "Vera Siguenas, Deivy Anthoni"]
[Result "0-1"]
[WhiteElo "2046"]
[BlackElo "1992"]
[PlyCount "114"]
[EventDate "2011.06.05"]
[EventType "swiss"]
[EventRounds "9"]
[EventCountry "ECU"]
[SourceTitle "EXT 2022"]
[Source "ChessBase"]
[SourceDate "2021.10.06"]
[SourceVersion "1"]
[SourceVersionDate "2021.10.06"]
[SourceQuality "1"]

1. e4 c5 2. Nc3 Nc6 3. f4 e6 4. d3 d5 5. Nf3 Nge7 6. g3 g6 7. Bg2 Bg7 8. e5 h5 9. 0-0 Nf5 10. Re1 a6 11. Qe2 Ncd4 12. Qf2 Nxf3+ 13. Bxf3 Bf8 14. Nd1 Bd7 15. Be3 Rc8 16. c4 Bc6 17. Qg2 Be7 18. Bf2 h4 19. Nc3 h3 20. Qh1 Nd4 21. cxd5 Nxf3+ 22. Qxf3 Bxd5 23. Nxd5 Qxd5 24. Qxd5 exd5 25. Rac1 Kd7 26. Kf1 Rc6 27. Ke2 b5 28. Kf3 c4 29. dxc4 dxc4 30. Ke4 Rhc8 31. Bd4 b4 32. Re3 g5 33. f5 g4 34. Kf4 Bf8 35. e6+ fxe6 36. fxe6+ Rxe6 37. Rxe6 Kxe6 38. Kxg4 Bh6 39. Rc2 Kd5 40. Bf6 Ke4 41. Re2+ Kd3 42. Re6 Rg8+ 43. Kxh3 Rg6 44. Rxa6 c3 45. bxc3 bxc3 46. Rc6 c2 47. Rc3+ Kd2 48. Rxc2+ Kxc2 49. Be7 Kd3 50. Kh4 Ke4 51. h3 Kf3 52. g4 Bf4 53. g5 Rg7 54. Bf8 Rxg5 55. Bh6 Rg8 56. Bxf4 Kxf4 57. Kh5 Rh8+ 0-1

[Event "Pan American U16"]
[Site "Bento Goncalves"]
[Date "2010.08.07"]
[Round "9"]
[White "Latorre Lopez Moreira, Luis Matias"]
[Black "Guerrero Zambrano, Joel"]
[Result "1-0"]
[WhiteElo "2076"]
[BlackElo "2063"]
[PlyCount "93"]
[EventDate "2010.08.02"]
[EventType "swiss"]
[EventRounds "9"]
[EventCountry "BRA"]
[SourceTitle "EXT 2013"]
[Source "ChessBase"]
[SourceDate "2012.11.22"]
[SourceVersion "1"]
[SourceVersionDate "2012.11.22"]
[SourceQuality "1"]

1. d4 d5 2. c4 e6 3. Nf3 c6 4. e3 Nf6 5. b3 Bd6 6. Bb2 Ne4 7. Bd3 f5 8. 0-0 0-0 9. Ba3 Bxa3 10. Nxa3 Nd7 11. Ne5 Nxe5 12. dxe5 Qa5 13. Qc1 Bd7 14. f3 Nc5 15. Rd1 Be8 16. Rb1 Nd7 17. b4 Qd8 18. f4 Bh5 19. Rd2 a6 20. Nc2 g5 21. Nd4 Re8 22. cxd5 cxd5 23. g3 gxf4 24. gxf4 Kh8 25. Rbb2 Nf8 26. Rbc2 Qb6 27. Rc7 Ng6 28. Qc5 Qxc5 29. bxc5 Rac8 30. Rxc8 Rxc8 31. Nxe6 Nh4 32. Kf1 h6 33. Rc2 Bg4 34. Kf2 Rg8 35. Nd4 Bd1 36. Rd2 Rg2+ 37. Ke1 Rg1+ 38. Bf1 Ba4 39. Kf2 Rg8 40. Bh3 Rc8 41. Kg3 Ng6 42. Bxf5 Rg8 43. Be6 Rg7 44. Nf5 Rc7 45. Rxd5 Nf8 46. Rd8 Rg7+ 47. Kf2 1-0

[Event "Pan American U16"]
[Site "Bento Goncalves"]
[Date "2010.08.06"]
[Round "7"]
[White "Finney, Stuart"]
[Black "Guerrero Zambrano, Joel"]
[Result "1-0"]
[WhiteElo "2090"]
[BlackElo "2063"]
[PlyCount "55"]
[EventDate "2010.08.02"]
[EventType "swiss"]
[EventRounds "9"]
[EventCountry "BRA"]
[SourceTitle "EXT 2013"]
[Source "ChessBase"]
[SourceDate "2012.11.22"]
[SourceVersion "1"]
[SourceVersionDate "2012.11.22"]
[SourceQuality "1"]

1. e4 d5 2. exd5 Qxd5 3. Nc3 Qd6 4. d4 c6 5. Nf3 Nf6 6. Ne5 Bf5 7. Bc4 e6 8. g4 Bg6 9. Bf4 Qb4 10. Bb3 Be4 11. 0-0 Bd5 12. a3 Qa5 13. Nxd5 Nxd5 14. Bd2 Qc7 15. c4 Nf6 16. Bf4 Qd8 17. d5 Be7 18. g5 Nfd7 19. Nxf7 Kxf7 20. dxe6+ Kf8 21. exd7 Qxd7 22. Qf3 Qf5 23. Rfe1 g6 24. Re5 Qd7 25. Rae1 Bd8 26. Re8+ Qxe8 27. Bd6+ Kg7 28. Qc3+ 1-0

[Event "Pan American U16"]
[Site "Bento Goncalves"]
[Date "2010.08.05"]
[Round "6"]
[White "Guerrero Zambrano, Joel"]
[Black "Bassan, Remo"]
[Result "1/2-1/2"]
[WhiteElo "2063"]
[BlackElo "2210"]
[PlyCount "57"]
[EventDate "2010.08.02"]
[EventType "swiss"]
[EventRounds "9"]
[EventCountry "BRA"]
[SourceTitle "EXT 2013"]
[Source "ChessBase"]
[SourceDate "2012.11.22"]
[SourceVersion "1"]
[SourceVersionDate "2012.11.22"]
[SourceQuality "1"]

1. e4 Nf6 2. e5 Nd5 3. c4 Nb6 4. d4 d6 5. exd6 exd6 6. Nc3 Be7 7. Be3 0-0 8. Be2 Bf6 9. Rc1 c6 10. b3 Re8 11. Nf3 Bg4 12. 0-0 Na6 13. h3 Bh5 14. Nh2 Bxe2 15. Nxe2 d5 16. c5 Nd7 17. Qd2 Nc7 18. Ng3 a5 19. Ng4 a4 20. Nf5 Nb5 21. Rfd1 h5 22. Nh2 g6 23. Ng3 axb3 24. axb3 Ra3 25. Qc2 Nf8 26. Nf3 Ne6 27. Nf1 Qa5 28. Rd3 Ra8 29. Qd1 1/2-1/2